[Event "Ibague Blitz op"]
[Site "Ibague"]
[Date "2022.10.08"]
[Round "1"]
[White "Lopez Mahecha, Natalia"]
[Black "Vanegas Henao, Ricardo Javier"]
[Result "0-1"]
[WhiteElo "1229"]
[BlackElo "1833"]
[PlyCount "62"]
[EventDate "2022.10.08"]
[EventType "swiss (blitz)"]
[EventRounds "9"]
[EventCountry "COL"]
[SourceTitle "CBM 210 Extra"]
[Source "ChessBase"]
[SourceDate "2022.11.30"]
[SourceVersion "1"]
[SourceVersionDate "2022.11.30"]
[SourceQuality "1"]

1. e4 c5 2. Nf3 e6 3. d4 cxd4 4. Nxd4 a6 5. Be2 Nf6 6. Nc3 Qc7 7. 0-0 d6 8. f4 Nbd7 9. Bf3 Be7 10. Kh1 0-0 11. f5 Ne5 12. Be2 b5 13. Nf3 exf5 14. Nxe5 dxe5 15. exf5 Bb7 16. Bf3 e4 17. Be2 Bd6 18. h3 Rad8 19. Bg4 Be5 20. Qe1 b4 21. Ne2 a5 22. c3 Rd3 23. cxb4 Rd5 24. Bf4 axb4 25. Bxe5 Qxe5 26. Qxb4 Ba8 27. Nc3 Rd3 28. Be2 Rg3 29. Rfe1 e3 30. Bf1 Rxh3+ 31. Kg1 Qh2# 0-1

[Event "Ibague op"]
[Site "Ibague"]
[Date "2022.10.05"]
[Round "2"]
[White "Pereira Vera, Henry Alberto"]
[Black "Vanegas Henao, Ricardo Javier"]
[Result "0-1"]
[WhiteElo "1792"]
[BlackElo "1900"]
[PlyCount "70"]
[EventDate "2022.10.05"]
[EventType "swiss"]
[EventRounds "10"]
[EventCountry "COL"]
[SourceTitle "CBM 210 Extra"]
[Source "ChessBase"]
[SourceDate "2022.11.30"]
[SourceVersion "1"]
[SourceVersionDate "2022.11.30"]
[SourceQuality "1"]

1. b3 e5 2. Bb2 Bd6 3. c4 c6 4. Nf3 Qe7 5. Qc2 Bc7 6. Nc3 Nf6 7. e3 d6 8. Be2 0-0 9. h3 Nbd7 10. 0-0 Rd8 11. d3 Nf8 12. Rac1 Bf5 13. Ne4 Rac8 14. Ng3 Bd7 15. Qb1 h6 16. Qa1 Re8 17. Nh4 N6h7 18. Nhf5 Qf6 19. e4 Bxf5 20. Nxf5 Ng6 21. f4 Qd8 22. fxe5 dxe5 23. d4 exd4 24. Bxd4 Be5 25. Rcd1 Qc7 26. Nxg7 Kxg7 27. Rf5 f6 28. Qc1 Bxd4+ 29. Rxd4 Rcd8 30. Qc3 Rxd4 31. Qxd4 Qb6 32. c5 Qd8 33. Qe5 Rxe5 34. Rf1 Qe7 35. Bd3 Qxc5+ 0-1

[Event "COL Subzt 2.3.4"]
[Site "Risarald"]
[Date "2021.11.27"]
[Round "8"]
[White "Vanegas Henao, Ricardo Javier"]
[Black "Lopez, Ricardo Andres"]
[Result "1-0"]
[WhiteElo "1886"]
[BlackElo "1483"]
[PlyCount "51"]
[EventDate "2021.11.23"]
[EventType "swiss"]
[EventRounds "9"]
[EventCountry "COL"]
[SourceTitle "CBM 205 Extra"]
[Source "ChessBase"]
[SourceDate "2022.01.31"]
[SourceVersion "1"]
[SourceVersionDate "2022.01.31"]
[SourceQuality "1"]

1. e4 c5 2. Nf3 d6 3. d4 cxd4 4. Nxd4 Nf6 5. Nc3 a6 6. Bg5 e6 7. f4 Nbd7 8. Qf3 Qc7 9. 0-0-0 Be7 10. Bd3 b5 11. Rhe1 Bb7 12. Qg3 Rc8 13. e5 dxe5 14. fxe5 Nd5 15. Bxe7 Kxe7 16. Qg5+ Kf8 17. Re4 Nxc3 18. Rf1 Nxa2+ 19. Kb1 Bd5 20. Qh5 g6 21. Qf3 Nc5 22. Qf6 Nxe4 23. Bxe4 Kg8 24. Bxd5 exd5 25. e6 fxe6 26. Nxe6 1-0

[Event "COL Subzt 2.3.4"]
[Site "Risarald"]
[Date "2021.11.26"]
[Round "6"]
[White "Vanegas Henao, Ricardo Javier"]
[Black "Zapata Cuartas, Juan Carlos"]
[Result "1-0"]
[WhiteElo "1886"]
[BlackElo "2093"]
[PlyCount "59"]
[EventDate "2021.11.23"]
[EventType "swiss"]
[EventRounds "9"]
[EventCountry "COL"]
[SourceTitle "CBM 205 Extra"]
[Source "ChessBase"]
[SourceDate "2022.01.31"]
[SourceVersion "1"]
[SourceVersionDate "2022.01.31"]
[SourceQuality "1"]

1. e4 c5 2. Nf3 d6 3. d4 cxd4 4. Nxd4 Nf6 5. Nc3 a6 6. Rg1 e5 7. Nb3 Be6 8. Bg5 Be7 9. g4 h6 10. Be3 d5 11. exd5 Nxd5 12. Nxd5 Qxd5 13. Bg2 Qxd1+ 14. Rxd1 Nc6 15. Nc5 Bxc5 16. Bxc5 Rd8 17. Be4 Rxd1+ 18. Kxd1 Kd7 19. h4 Kc7 20. h5 Rd8+ 21. Ke2 Nd4+ 22. Ke3 f6 23. c3 Nc6 24. b3 b6 25. Ba3 a5 26. Bf5 Bg8 27. Bc2 a4 28. Rd1 axb3 29. Rxd8 bxa2 30. Rd1 1-0

[Event "COL Subzt 2.3.4"]
[Site "Risarald"]
[Date "2021.11.25"]
[Round "4"]
[White "Vanegas Henao, Ricardo Javier"]
[Black "Estrada Velandia, Henry Andres"]
[Result "1/2-1/2"]
[WhiteElo "1886"]
[BlackElo "2049"]
[PlyCount "95"]
[EventDate "2021.11.23"]
[EventType "swiss"]
[EventRounds "9"]
[EventCountry "COL"]
[SourceTitle "CBM 205 Extra"]
[Source "ChessBase"]
[SourceDate "2022.01.31"]
[SourceVersion "1"]
[SourceVersionDate "2022.01.31"]
[SourceQuality "1"]

1. e4 c6 2. d4 d5 3. exd5 cxd5 4. c4 e6 5. Nc3 Nf6 6. Nf3 Be7 7. cxd5 exd5 8. Bd3 Nc6 9. h3 Be6 10. a3 a6 11. 0-0 b5 12. Bc2 0-0 13. Qd3 g6 14. Bh6 Re8 15. Qd2 Qd7 16. Ne5 Nxe5 17. dxe5 Nh5 18. Rfd1 Red8 19. Bg5 Bxg5 20. Qxg5 Qc6 21. Be4 Rd7 22. Bf3 Ng7 23. Rd3 Rad8 24. Rad1 Qc5 25. h4 a5 26. b4 axb4 27. axb4 Qxb4 28. Bxd5 Bf5 29. Ne4 Ne8 30. Rd4 Qf8 31. Nf6+ Nxf6 32. exf6 Be6 33. R4d2 Qc5 34. Qh6 Qf8 35. Qg5 h6 36. Qe5 Qc5 37. Qxe6 fxe6 38. Bxe6+ Kf8 39. Rxd7 Rxd7 40. Rxd7 Qc1+ 41. Kh2 Qf4+ 42. Kg1 Qxf6 43. Rf7+ Qxf7 44. Bxf7 Kxf7 45. Kf1 Kf6 46. Ke2 Kf5 47. Kd3 Ke5 48. Kc3 1/2-1/2

[Event "COL Subzt 2.3.4"]
[Site "Risarald"]
[Date "2021.11.24"]
[Round "2"]
[White "Vanegas Henao, Ricardo Javier"]
[Black "Ruiz Aguilar, Pablo Alexander"]
[Result "1-0"]
[WhiteElo "1886"]
[BlackElo "2144"]
[PlyCount "71"]
[EventDate "2021.11.23"]
[EventType "swiss"]
[EventRounds "9"]
[EventCountry "COL"]
[SourceTitle "CBM 205 Extra"]
[Source "ChessBase"]
[SourceDate "2022.01.31"]
[SourceVersion "1"]
[SourceVersionDate "2022.01.31"]
[SourceQuality "1"]

1. e4 c5 2. Nf3 e6 3. d4 cxd4 4. Nxd4 a6 5. Bd3 Nc6 6. Nxc6 bxc6 7. 0-0 d5 8. c4 Nf6 9. Nc3 Be7 10. Qc2 d4 11. Na4 e5 12. c5 Be6 13. Nb6 Ra7 14. Bd2 Nd7 15. Nxd7 Qxd7 16. b4 0-0 17. a4 g6 18. Bh6 Rb8 19. Rab1 Qd8 20. Qc1 g5 21. h4 Rab7 22. Qa3 Ra8 23. Qc1 Rab8 24. Qa3 a5 25. b5 f6 26. hxg5 fxg5 27. Qc1 Kf7 28. Bc4 Bxc4 29. Qxc4+ Kg6 30. Qe6+ Bf6 31. Bxg5 Kxg5 32. f4+ exf4 33. Rxf4 Kg6 34. Rg4+ Kh5 35. Rf1 Bg5 36. Rf3 1-0

[Event "Tolima Deportivo op"]
[Site "Tolima"]
[Date "2021.11.13"]
[Round "3"]
[White "Corredor Rengifo, Luis Fernando"]
[Black "Vanegas Henao, Ricardo Javier"]
[Result "1-0"]
[WhiteElo "2154"]
[BlackElo "1886"]
[PlyCount "77"]
[EventDate "2021.11.12"]
[EventType "swiss"]
[EventRounds "7"]
[EventCountry "COL"]
[SourceTitle "CBM 205 Extra"]
[Source "ChessBase"]
[SourceDate "2022.01.31"]
[SourceVersion "1"]
[SourceVersionDate "2022.01.31"]
[SourceQuality "1"]

1. d4 Nf6 2. Nf3 c5 3. g3 cxd4 4. Nxd4 e5 5. Nb3 d5 6. Bg2 Be6 7. Bg5 Nc6 8. Nc3 Bb4 9. 0-0 Ne7 10. Qd3 0-0 11. a3 e4 12. Qd2 Bxc3 13. Qxc3 Rc8 14. Qd2 Ng6 15. Nd4 Bd7 16. f3 exf3 17. exf3 Ne5 18. b3 h6 19. Be3 Re8 20. Rac1 Qe7 21. Bf2 a6 22. a4 Qa3 23. g4 Qd6 24. Bg3 Qc5 25. c3 b5 26. a5 Qa7 27. Kh1 Qc5 28. Bf2 Qc7 29. Ne2 Ra8 30. Bb6 Qd6 31. Ng3 Rac8 32. Rfd1 Be6 33. Bd4 Bd7 34. g5 hxg5 35. Qxg5 Nh7 36. Nf5 Bxf5 37. Qxf5 Nc6 38. Bb6 Re5 39. Qxc8+ 1-0

[Event "Ibague op"]
[Site "Ibague"]
[Date "2021.10.22"]
[Round "6"]
[White "Vanegas Henao, Ricardo Javier"]
[Black "Nunez V, Gustavo Eduardo"]
[Result "0-1"]
[WhiteElo "1924"]
[BlackElo "2235"]
[PlyCount "54"]
[EventDate "2021.10.20"]
[EventType "swiss"]
[EventRounds "9"]
[EventCountry "COL"]
[SourceTitle "CBM 204 Extra"]
[Source "ChessBase"]
[SourceDate "2021.11.30"]
[SourceVersion "1"]
[SourceVersionDate "2021.11.30"]
[SourceQuality "1"]

1. e4 e6 2. Nf3 d5 3. Nc3 d4 4. Ne2 c5 5. c3 Nf6 6. e5 Nfd7 7. cxd4 cxd4 8. Qa4 Nc6 9. Nexd4 Ndxe5 10. Bb5 Bd7 11. 0-0 a6 12. Nxe5 Nxe5 13. Bxd7+ Qxd7 14. Qxd7+ Kxd7 15. Nc2 Rc8 16. d4 Nf3+ 17. gxf3 Rxc2 18. Rb1 Bd6 19. Rd1 Kc6 20. Rd2 Rxd2 21. Bxd2 Kd5 22. Bc3 b5 23. a3 Rc8 24. h3 Bxa3 25. Ra1 b4 26. Be1 Bxb2 27. Rxa6 Rc1 0-1

[Event "Ibague op"]
[Site "Ibague"]
[Date "2021.10.21"]
[Round "4"]
[White "Cordero Gonzalez, Victor William"]
[Black "Vanegas Henao, Ricardo Javier"]
[Result "1/2-1/2"]
[WhiteElo "1609"]
[BlackElo "1924"]
[PlyCount "36"]
[EventDate "2021.10.20"]
[EventType "swiss"]
[EventRounds "9"]
[EventCountry "COL"]
[SourceTitle "CBM 204 Extra"]
[Source "ChessBase"]
[SourceDate "2021.11.30"]
[SourceVersion "1"]
[SourceVersionDate "2021.11.30"]
[SourceQuality "1"]

1. e4 c5 2. Nf3 e6 3. e5 d5 4. c3 Bd7 5. d4 a6 6. Bd3 cxd4 7. cxd4 Bb5 8. Nc3 Bxd3 9. Qxd3 b5 10. 0-0 Qb6 11. h3 Nc6 12. a3 Nge7 13. Ne2 h5 14. Nh4 g6 15. Bg5 Bg7 16. Bf6 Bxf6 17. exf6 Nf5 18. Nxf5 gxf5 1/2-1/2

[Event "Ibague op"]
[Site "Ibague"]
[Date "2021.10.20"]
[Round "2"]
[White "Estrada Quintanilla, Juan David"]
[Black "Vanegas Henao, Ricardo Javier"]
[Result "0-1"]
[WhiteElo "1582"]
[BlackElo "1924"]
[PlyCount "39"]
[EventDate "2021.10.20"]
[EventType "swiss"]
[EventRounds "9"]
[EventCountry "COL"]
[SourceTitle "CBM 204 Extra"]
[Source "ChessBase"]
[SourceDate "2021.11.30"]
[SourceVersion "1"]
[SourceVersionDate "2021.11.30"]
[SourceQuality "1"]

1. e4 c5 2. Nf3 e6 3. c4 Nc6 4. Nc3 Qb6 5. b3 Nf6 6. e5 Ng4 7. Na4 Qc7 8. Bb2 Ngxe5 9. Be2 Be7 10. Nxe5 Nxe5 11. d4 cxd4 12. Qxd4 Bb4+ 13. Nc3 Bc5 14. Nb5 Qa5+ 15. Bc3 Bxd4 16. Bxa5 Bxa1 17. Nc7+ Kd8 18. Nxa8+ b6 19. Bb4 Bb7 20. 0-0 0-1